000 00307nam a22001337a 4500
008 170505b xxu||||| |||| 00| 0 eng d
020 _a9780131391871
041 _aeng
080 _a343.9
100 _a14
101 _aSHJ
245 _aFORENSIC SCIENCE CRIME SCENE
_cSAFERSTEIN..R
942 _2udc
_cBK
999 _c12795
_d12795